Search the Library Catalogue
| 000 -LEADER | |
|---|---|
| fixed length control field | 00797nam a2200241Ia 4500 |
| 008 - FIXED-LENGTH DATA ELEMENTS--GENERAL INFORMATION | |
| fixed length control field | 191130s2010##################000#0#eng## |
| 020 ## - INTERNATIONAL STANDARD BOOK NUMBER | |
| ISBN | 9780763765439 |
| 082 ## - DEWEY DECIMAL CLASSIFICATION NUMBER | |
| Classification number | 362.1068 POR |
| 245 ## - TITLE STATEMENT | |
| Title | Innovation leadership : creating the landscape of health care |
| Statement of responsibility, etc | [edited by] Tim Porter-O'Grady, Kathy Malloch |
| 260 ## - PUBLICATION, DISTRIBUTION, ETC. (IMPRINT) | |
| Place of publication | Boston, MA |
| Name of publisher | Jones and Bartlett Publishers |
| Year of publication | c2010 |
| 300 ## - PHYSICAL DESCRIPTION | |
| Number of Pages | xv, 366 p. : ill. ; 23 cm |
| 500 ## - GENERAL NOTE | |
| General note | Includes bibliographical references and index |
| 650 ## - SUBJECT ADDED ENTRY--TOPICAL TERM | |
| Topical Term | Health Services Administration |
| Topical Term | Leadership |
| Topical Term | Organizational Innovation |
| 700 ## - ADDED ENTRY--PERSONAL NAME | |
| Personal name | Malloch, Kathy |
| Personal name | Porter-O'Grady, Timothy |
| 991 ## - | |
| -- | 362278 |
| Withdrawn status | Lost status | Damaged status | Not for loan | Home library | Current library | Shelving location | Date acquired | Full call number | Accession Number | Price effective from | Koha item type |
|---|---|---|---|---|---|---|---|---|---|---|---|
| Anna Centenary Library | Anna Centenary Library | 4TH FLOOR, A WING | 13.10.2020 | 362.1068 POR | 298037 | 13.10.2020 | English Books |